Della economia nazionale / (Record no. 112514)

MARC details
000 -LEADER
campo de control de longitud fija 00473nam a2200169 4500
001 - NÚMERO DE CONTROL
campo de control 112514
003 - IDENTIFICADOR DE NÚMERO DE CONTROL
campo de control ES-MaACL
005 - FECHA Y HORA DE LA ÚLTIMA TRANSACCIÓN
campo de control 20250715063109.0
007 - CAMPO FIJO DE DESCRIPCIÓN FÍSICA--INFORMACIÓN GENERAL
campo de control de longitud fija t|
008 - DATOS DE LONGITUD FIJA--INFORMACIÓN GENERAL
campo de control de longitud fija 061121s1900 it r ||||1| ita d
100 1# - ENTRADA PRINCIPAL--NOMBRE DE PERSONA
Nombre de persona Ortes, Giammaria,
Fechas asociadas al nombre 1713-1790
Término indicativo de función/relación Autor
9 (RLIN) 87519
245 10 - MENCIÓN DEL TÍTULO
Título Della economia nazionale /
Mención de responsabilidad, etc. Giammaria Ortes.
260 ## - PUBLICACIÓN, DISTRIBUCIÓN, ETC.
Lugar de publicación, distribución, etc. [s.l.] :
Nombre del editor, distribuidor, etc. [s.n.],
Fecha de publicación, distribución, etc. [19__?]
852 ## - LOCALIZACIÓN
Ubicación ES-MaACL
Ubicación en estantería Administración
Número de control de estantería 208-D-7
942 ## - ELEMENTOS DE ENTRADA SECUNDARIOS (KOHA)
Fuente del sistema de clasificación o colocación Clasificación decimal universal
Tipo de ítem Koha Libro impreso
Suprimir en OPAC No
Holdings
Estatus retirado Estado de pérdida Fuente del sistema de clasificación o colocación Estado de daño No para préstamo Biblioteca de origen Biblioteca actual Ubicación en estantería Fecha de adquisición Total de préstamos Signatura topográfica completa Código de barras Visto por última vez Tipo de ítem Koha
    Clasificación decimal universal     Biblioteca del Ateneo de Madrid Biblioteca del Ateneo de Madrid Administración 17/01/2008   208-D-7 1117366 23/02/2023 Libro impreso